000 00669nab a2200193 4500
001 244442
003 OSt
005 20241016075108.0
007 tu
008 200917s2020|||||||
040 _aDE-2950
_cDE-2950
245 0 0 _aMehrheit im Ausschuss gegen Büste von Fritz Krause
_bGedenken. Wie soll an Fritz Krause, den Alt-OB von Frankfurt (O), erinnert werden? Eine Ehrung mit Büste zum 100. Geburtstag fand vorerst keine Zustimmung/
_cThomas Gutke
264 _c2024
653 _aFrankfurt (Oder)
653 _aFritz Krause
653 _aEhrung
773 0 _g35. Jahrgang (2024) Nr. 275 vom 10.10.2024, S. 15 mit Foto
_tMärkische Oderzeitung
942 _2z
_cA
999 _c373410
_d373410